| 000 | 01595nam a22004937a 4500 | ||
|---|---|---|---|
| 003 | OSt | ||
| 005 | 20260505122448.0 | ||
| 007 | ta | ||
| 008 | 260505s2025 ag ||||| |||| 00| 0 spa d | ||
| 020 | _a9789873051807 | ||
| 040 | _ccj catamarca | ||
| 082 | _a331.106.4 Ac182e | ||
| 100 | 0 |
_95 _aAckerman, Mario E. |
|
| 245 | 1 | 3 |
_aLa extincion de la relacion de trabajo: _bSegunda edicion ampliada y actualizada con las reformas producidas por el DNU 70/2023 y la Ley 27.742 |
| 250 | _a2º ed. | ||
| 260 |
_aSanta Fe: _bRubinzal Culzoni, _c2025 |
||
| 300 |
_aV.2, 568 p. _c23 cm |
||
| 500 | _aINVENTARIO Nº 8170 | ||
| 650 | 7 | _2SAIJ | |
| 653 | _aDERECHO LABORAL | ||
| 653 | _aCONTRATO DE TRABAJO | ||
| 653 | _aEXTINCION DE TRABAJO | ||
| 653 | _aEXTINCION-FUERZA MAYOR | ||
| 653 | _aEXTINCION-CONTRATO-QUIEBRA | ||
| 653 | _aEXTINCION-CONTRATO-CONCURSO PREVENTIVO | ||
| 653 | _aEXTINCION-MUERTE-EMPLEADOR | ||
| 653 | _aEXTINCION-INCAPACIDAD-EMPLEADOR | ||
| 653 | _aEXTINCION-INHABILITACION-EMPLEADOR | ||
| 653 | _aINDEMNIZACIONES | ||
| 653 | _aINDEMNIZACIONES-ANTIGUEDAD | ||
| 653 | _aINDEMNIZACION ESPECIAL | ||
| 653 | _aDESPIDO-MATERNIDAD | ||
| 653 | _aDESPIDO-MATRIMONIO | ||
| 653 | _aDESPIDO-SINDICAL | ||
| 653 | _aREGISTRACION IRREGULAR | ||
| 653 | _aTRABAJO NO REGISTRADO | ||
| 653 | _aCERTIFICACION DE TRABAJO | ||
| 653 | _aEXTINCION-EMERGENCIA | ||
| 653 | _aDNU 34/2019 | ||
| 653 | _aDNU 39/2021 | ||
| 653 | _aEXTINCION-COVID-19 | ||
| 856 | _uhttps://drive.google.com/file/d/1PaIsmSFeozO2gYI6KYx8-S5GWhk2Xp9U/view?usp=sharing | ||
| 942 |
_2ddc _cBK _n0 |
||
| 999 |
_c6540 _d6540 |
||